[Event "19MCR_F"]
[Site "?"]
[Date "2007.??.??"]
[Round "?"]
[White "Nejtek, Jiri"]
[Black "Laurenc, Petr"]
[Result "1/2-1/2"]
[WhiteElo "2360"]
[BlackElo "2484"]
[PlyCount "61"]
[EventDate "2007.??.??"]
[EventType "corr"]
[EventRounds "1"]
[SourceDate "2007.03.26"]

1. c4 Nf6 2. d4 e6 3. g3 d5 4. Bg2 Be7 5. Nf3 O-O 6. O-O dxc4 7. Qc2 a6 8. Qxc4
b5 9. Qc2 Bb7 10. Bd2 Be4 11. Qc1 Nbd7 12. Ba5 Rc8 13. Nbd2 Ba8 14. a3 Qe8 15.
b4 Bd6 16. Re1 Ne4 17. Ra2 Nxd2 18. Nxd2 Bxg2 19. Kxg2 e5 20. dxe5 Nxe5 21. Rc2
c5 22. bxc5 Qc6+ 23. f3 Be7 24. Nb3 Rfe8 25. Bb4 Qe6 26. Nd4 Qg6 27. Rc3 Bf6
28. Nb3 Nc4 29. Rxc4 bxc4 30. Qxc4 Be5 31. Rd1 1/2-1/2

[Event "19MCR_F"]
[Site "?"]
[Date "2007.??.??"]
[Round "?"]
[White "Nejtek, Jiri"]
[Black "Leiner, Raimund"]
[Result "1/2-1/2"]
[WhiteElo "2360"]
[BlackElo "2316"]
[PlyCount "46"]
[EventDate "2007.??.??"]
[EventType "corr"]
[EventRounds "1"]
[SourceDate "2007.03.26"]

1. c4 Nf6 2. d4 e6 3. g3 d5 4. Bg2 dxc4 5. Nf3 Nc6 6. Qa4 Bb4+ 7. Bd2 Nd5 8.
Bxb4 Ndxb4 9. a3 b5 10. Qxb5 Nc2+ 11. Kd2 Bd7 12. Kxc2 Nxd4+ 13. Nxd4 Bxb5 14.
Nxb5 Rb8 15. Rd1 Qf6 16. Bc6+ Kf8 17. N1c3 e5 18. Nxa7 Qxf2 19. Nab5 h5 20. Bf3
Rh6 21. Nxc7 Rhb6 22. Rab1 Rb3 23. N7d5 g6 1/2-1/2

[Event "19MCR_F"]
[Site "?"]
[Date "2007.??.??"]
[Round "?"]
[White "Nejtek, Jiri"]
[Black "Storkan, Zdenek"]
[Result "1-0"]
[WhiteElo "2360"]
[BlackElo "2298"]
[PlyCount "79"]
[EventDate "2007.??.??"]
[EventType "corr"]
[EventRounds "1"]
[SourceDate "2007.03.26"]

1. c4 Nf6 2. d4 c5 3. d5 e6 4. Nc3 exd5 5. cxd5 d6 6. e4 g6 7. Nf3 Bg7 8. Be2
O-O 9. O-O Re8 10. Nd2 Nbd7 11. a4 Ne5 12. Qc2 a6 13. Ra3 Bg4 14. f3 Bd7 15. f4
Neg4 16. Nc4 Nh5 17. g3 Qc7 18. Kg2 Bxc3 19. bxc3 b5 20. Bxg4 bxc4 21. Bxh5
gxh5 22. f5 f6 23. Ra1 Re7 24. Qe2 Rae8 25. Rf4 Qa5 26. Bd2 Qb6 27. Raf1 Qb2
28. R1f2 Qb1 29. Qxh5 Rxe4 30. Qg4+ Kf7 31. Qh4 Kg8 32. Qxf6 R8e7 33. R4f3 Rf7
34. Qxd6 Re8 35. Qxc5 Qe4 36. Kg1 Rb8 37. Bh6 Bxf5 38. d6 Rb1+ 39. Kg2 Qa8 40.
Qxc4 1-0

[Event "19MCR_F"]
[Site "?"]
[Date "2007.??.??"]
[Round "?"]
[White "Nejtek, Jiri"]
[Black "Valak, Alois"]
[Result "1-0"]
[WhiteElo "2360"]
[BlackElo "2353"]
[PlyCount "71"]
[EventDate "2007.??.??"]
[EventType "corr"]
[EventRounds "1"]
[SourceDate "2007.03.26"]

1. c4 e5 2. g3 Nf6 3. Bg2 Nc6 4. Nc3 g6 5. Nf3 Bg7 6. O-O O-O 7. d3 d6 8. Rb1
Bg4 9. Be3 a6 10. h3 Bxf3 11. Bxf3 Rb8 12. Bg2 Nd4 13. b4 c6 14. a4 Ne6 15. a5
Nd7 16. Bd2 f5 17. e3 Qc7 18. Qe2 Rbe8 19. Rfe1 Rf7 20. Na4 Nf6 21. b5 f4 22.
bxa6 bxa6 23. Nc3 Nd7 24. exf4 exf4 25. gxf4 Rfe7 26. Ne4 Nd4 27. Qg4 Qd8 28.
Ng3 Rxe1+ 29. Bxe1 Kh8 30. Bc3 c5 31. Rb7 Re7 32. Qg5 Qf8 33. Ra7 Ne6 34. Bxg7+
Rxg7 35. Qd5 Nxf4 36. Qa8 1-0

[Event "19MCR_F"]
[Site "?"]
[Date "2007.??.??"]
[Round "?"]
[White "Pravec, Ladislav"]
[Black "Boukal, Petr"]
[Result "1/2-1/2"]
[WhiteElo "2352"]
[BlackElo "2412"]
[PlyCount "84"]
[EventDate "2007.??.??"]
[EventType "corr"]
[EventRounds "1"]
[SourceDate "2007.03.26"]

1. d4 Nf6 2. c4 g6 3. Nc3 Bg7 4. e4 d6 5. Be2 O-O 6. Nf3 Na6 7. O-O c6 8. Bf4
Nd7 9. Bg5 h6 10. Be3 e5 11. Qd2 Kh7 12. Rad1 Qe7 13. c5 dxc5 14. dxe5 Re8 15.
Bf4 Nc7 16. Qc1 Ne6 17. Bg3 g5 18. h3 b5 19. Rd2 Nf4 20. Bxf4 gxf4 21. e6 Ne5
22. exf7 Qxf7 23. Rfd1 Rg8 24. Kf1 Be6 25. Nxe5 Bxe5 26. Bf3 Qe7 27. Ne2 a5 28.
Bg4 Bxg4 29. hxg4 Ra7 30. f3 a4 31. Rc2 Rd8 32. Rxd8 Qxd8 33. Rd2 Qe7 34. Qc2
Kg7 35. Rd1 c4 36. Nd4 Bxd4 37. Rxd4 a3 38. bxa3 Rxa3 39. Qd1 Qe5 40. Rd7+ Kf6
41. Rd6+ Kg7 42. Rd7+ Kf6 1/2-1/2

[Event "19MCR_F"]
[Site "?"]
[Date "2007.??.??"]
[Round "?"]
[White "Pravec, Ladislav"]
[Black "Firla, Stanislav"]
[Result "1/2-1/2"]
[WhiteElo "2352"]
[BlackElo "2365"]
[PlyCount "67"]
[EventDate "2007.??.??"]
[EventType "corr"]
[EventRounds "1"]
[SourceDate "2007.03.26"]

1. d4 Nf6 2. c4 g6 3. Nc3 Bg7 4. e4 d6 5. Be2 O-O 6. Nf3 e5 7. O-O Nc6 8. d5
Ne7 9. b4 Nh5 10. Re1 f5 11. Ng5 Nf6 12. Bf3 c6 13. Bb2 h6 14. Ne6 Bxe6 15.
dxe6 fxe4 16. Nxe4 Nxe4 17. Bxe4 d5 18. cxd5 cxd5 19. Bf3 Qd6 20. Rc1 a6 21. a4
h5 22. Rc3 Qxe6 23. Rc7 e4 24. Bxg7 Kxg7 25. Bxe4 dxe4 26. Qd4+ Kg8 27. Rxe4
Nf5 28. Rxe6 Nxd4 29. Rxg6+ Kh8 30. Rh6+ Kg8 31. Rg6+ Kh8 32. Rh6+ Kg8 33. Rg6+
Kh8 34. Rh6+ 1/2-1/2

[Event "19MCR_F"]
[Site "?"]
[Date "2007.??.??"]
[Round "?"]
[White "Pravec, Ladislav"]
[Black "Hladecek, Miloslav"]
[Result "1/2-1/2"]
[WhiteElo "2352"]
[BlackElo "2342"]
[PlyCount "61"]
[EventDate "2007.??.??"]
[EventType "corr"]
[EventRounds "1"]
[SourceDate "2007.03.26"]

1. d4 Nf6 2. c4 c5 3. d5 g6 4. Nc3 d6 5. e4 Bg7 6. Nf3 O-O 7. h3 a6 8. Bd3 b5
9. cxb5 axb5 10. Nxb5 Na6 11. Bd2 c4 12. Bxc4 Nxe4 13. O-O Bxb2 14. Bh6 Re8 15.
Rb1 Bh8 16. Re1 Nac5 17. Nfd4 Qd7 18. Qc2 Nf6 19. Rb4 Bb7 20. Nc3 Ba6 21. Ndb5
Reb8 22. Reb1 Qd8 23. Nd4 Bxc4 24. Rxc4 Rxb1+ 25. Qxb1 Bg7 26. Bxg7 Kxg7 27. a4
Qc8 28. Nc6 Nxd5 29. Nxd5 Qxc6 30. Nxe7 Qe8 31. Nd5 1/2-1/2

[Event "19MCR_F"]
[Site "?"]
[Date "2007.??.??"]
[Round "?"]
[White "Pravec, Ladislav"]
[Black "Hybl, Vladislav"]
[Result "1/2-1/2"]
[WhiteElo "2352"]
[BlackElo "2303"]
[PlyCount "73"]
[EventDate "2007.??.??"]
[EventType "corr"]
[EventRounds "1"]
[SourceDate "2007.03.26"]

1. d4 d5 2. c4 c6 3. Nf3 Nf6 4. Nc3 e6 5. e3 Nbd7 6. Bd3 dxc4 7. Bxc4 b5 8. Bd3
Bb7 9. O-O a6 10. e4 c5 11. d5 Qc7 12. dxe6 fxe6 13. Bc2 Bd6 14. Ng5 Nf8 15. f4
h6 16. Nh3 O-O-O 17. Qe2 e5 18. f5 c4 19. Nf2 Bc5 20. Be3 Bd4 21. a4 Qc5 22.
Rfe1 Bxe3 23. Qxe3 Qxe3 24. Rxe3 b4 25. Nd5 Bxd5 26. exd5 Rxd5 27. Bd1 N8d7 28.
Be2 Rc5 29. Rc1 Nd5 30. Rg3 c3 31. Bxa6+ Kd8 32. Rb1 c2 33. Rc1 Rf8 34. b3 Ne7
35. Nd3 Nxf5 36. Nxc5 Nxc5 37. Rf3 1/2-1/2

[Event "19MCR_F"]
[Site "?"]
[Date "2007.??.??"]
[Round "?"]
[White "Pravec, Ladislav"]
[Black "Laurenc, Petr"]
[Result "1-0"]
[WhiteElo "2352"]
[BlackElo "2484"]
[PlyCount "111"]
[EventDate "2007.??.??"]
[EventType "corr"]
[EventRounds "1"]
[SourceDate "2007.03.26"]

1. d4 d5 2. c4 c6 3. Nf3 Nf6 4. Nc3 e6 5. e3 Nbd7 6. Bd3 dxc4 7. Bxc4 b5 8. Bd3
Bb7 9. O-O a6 10. e4 c5 11. d5 Qc7 12. dxe6 fxe6 13. Bc2 Bd6 14. Ng5 Nf8 15. f4
O-O-O 16. Qe2 h6 17. Nf3 Bxf4 18. Bxf4 Qxf4 19. g3 Qg4 20. e5 N6d7 21. a4 b4
22. Ne4 Nxe5 23. Qe3 Nxf3+ 24. Rxf3 Qh5 25. Raf1 Qe5 26. Nxc5 Qxe3+ 27. Rxe3
Rd6 28. Bb3 Rc6 29. Nxb7 Kxb7 30. Rf4 a5 31. Re5 Nd7 32. Rxa5 Rd8 33. Rd4 Kb6
34. Rb5+ Kc7 35. Rbxb4 Ra8 36. Rb5 Nf6 37. a5 Rb8 38. Rxb8 Kxb8 39. Rb4+ Ka8
40. Rc4 Ra6 41. Rc8+ Kb7 42. Rc5 Nd7 43. Rb5+ Ka7 44. Bc4 Rc6 45. b3 Nc5 46. h4
Nd7 47. Kf2 Rd6 48. Ke3 Rd1 49. b4 Rc1 50. Kd3 Re1 51. Kd2 Re4 52. Be2 Rd4+ 53.
Kc3 Rd6 54. Bf3 Ka6 55. Rb7 Ne5 56. Be4 1-0

[Event "19MCR_F"]
[Site "?"]
[Date "2007.??.??"]
[Round "?"]
[White "Pravec, Ladislav"]
[Black "Leiner, Raimund"]
[Result "1/2-1/2"]
[WhiteElo "2352"]
[BlackElo "2316"]
[PlyCount "50"]
[EventDate "2007.??.??"]
[EventType "corr"]
[EventRounds "1"]
[SourceDate "2007.03.26"]

1. d4 Nf6 2. c4 e6 3. Nf3 d5 4. Nc3 c6 5. e3 Nbd7 6. Bd3 dxc4 7. Bxc4 b5 8. Bd3
Bd6 9. O-O O-O 10. Ng5 Bb7 11. f4 h6 12. Nge4 Be7 13. Nxf6+ Nxf6 14. Qe2 a6 15.
a4 b4 16. Ne4 Qd5 17. Nxf6+ Bxf6 18. Bd2 c5 19. Rac1 Rfc8 20. f5 cxd4 21. fxe6
dxe3 22. exf7+ Qxf7 23. Rxc8+ Rxc8 24. Bxe3 Qe7 25. Re1 Qe6 1/2-1/2

[Event "19MCR_F"]
[Site "?"]
[Date "2007.??.??"]
[Round "?"]
[White "Pravec, Ladislav"]
[Black "Nejtek, Jiri"]
[Result "1/2-1/2"]
[WhiteElo "2352"]
[BlackElo "2360"]
[PlyCount "52"]
[EventDate "2007.??.??"]
[EventType "corr"]
[EventRounds "1"]
[SourceDate "2007.03.26"]

1. d4 d5 2. c4 c6 3. Nf3 e6 4. Qc2 dxc4 5. Qxc4 Nf6 6. Bg5 b5 7. Qc2 Bb7 8.
Nbd2 Nbd7 9. e4 Qb6 10. a4 Bb4 11. Bd3 h6 12. Bxf6 Nxf6 13. O-O Nd7 14. Nb3
bxa4 15. Rxa4 O-O 16. Nfd2 a5 17. Nc4 Qc7 18. Rfa1 Nb6 19. Nxb6 Qxb6 20. e5 Ba6
21. Bxa6 Rxa6 22. g3 Rd8 23. Qc4 Raa8 24. Rc1 Rac8 25. h3 Rd5 26. Kg2 Rb5
1/2-1/2

[Event "19MCR_F"]
[Site "?"]
[Date "2007.??.??"]
[Round "?"]
[White "Pravec, Ladislav"]
[Black "Storkan, Zdenek"]
[Result "1/2-1/2"]
[WhiteElo "2352"]
[BlackElo "2298"]
[PlyCount "92"]
[EventDate "2007.??.??"]
[EventType "corr"]
[EventRounds "1"]
[SourceDate "2007.03.26"]

1. d4 Nf6 2. c4 c5 3. d5 e6 4. Nc3 exd5 5. cxd5 d6 6. Nf3 g6 7. e4 Bg7 8. Be2
O-O 9. O-O Re8 10. Nd2 Nbd7 11. a4 Ne5 12. Re1 Bg4 13. f3 Bd7 14. Nc4 Nxc4 15.
Bxc4 Nh5 16. Be3 Be5 17. Qd2 Rb8 18. g4 Nf6 19. Be2 a6 20. Bf4 Qe7 21. Kg2 Bc8
22. Bxe5 Qxe5 23. Rf1 g5 24. Rh1 b5 25. axb5 axb5 26. Bxb5 Re7 27. Rhb1 h5 28.
h3 Reb7 29. Ba6 Rb4 30. Bxc8 Rxc8 31. Ne2 Rcb8 32. Qc3 hxg4 33. hxg4 Nd7 34.
Ra3 Rxe4 35. Ng3 Rd4 36. Nf5 Nf6 37. Nxd4 Nxd5 38. Qd2 cxd4 39. Kg1 Ne3 40. Qf2
Kg7 41. Rd3 Qf4 42. b4 Rh8 43. Re1 Kg6 44. Rxd4 Qxd4 45. Qxe3 Qxb4 46. Rd1 Kf6
1/2-1/2

[Event "19MCR_F"]
[Site "?"]
[Date "2007.??.??"]
[Round "?"]
[White "Pytlik, Lesek"]
[Black "Brousek, Jiri"]
[Result "1/2-1/2"]
[WhiteElo "2382"]
[BlackElo "2300"]
[PlyCount "56"]
[EventDate "2007.??.??"]
[EventType "corr"]
[EventRounds "1"]
[SourceDate "2007.03.26"]

1. e4 e6 2. d4 d5 3. Nd2 Nf6 4. e5 Nfd7 5. Bd3 c5 6. c3 Nc6 7. Ne2 cxd4 8. cxd4
Qb6 9. Nf3 f6 10. exf6 Nxf6 11. O-O Bd6 12. Bf4 Bxf4 13. Nxf4 Qxb2 14. Ng5 O-O
15. Nfxe6 Bxe6 16. Nxe6 Rf7 17. Bf5 g6 18. Qd3 Nb4 19. Qe3 gxf5 20. Rab1 Qxa2
21. Rxb4 Ne4 22. Nf4 Qd2 23. Qxd2 Nxd2 24. Ra1 Rd7 25. Ra5 Rc8 26. f3 Rc4 27.
Rbb5 Rxd4 28. Nxd5 Kf7 1/2-1/2

[Event "19MCR_F"]
[Site "?"]
[Date "2007.??.??"]
[Round "?"]
[White "Pytlik, Lesek"]
[Black "Firla, Stanislav"]
[Result "1/2-1/2"]
[WhiteElo "2382"]
[BlackElo "2365"]
[PlyCount "85"]
[EventDate "2007.??.??"]
[EventType "corr"]
[EventRounds "1"]
[SourceDate "2007.03.26"]

1. e4 e5 2. Nf3 Nc6 3. Nc3 Nf6 4. Bb5 Bb4 5. O-O O-O 6. d3 d6 7. Bg5 Bxc3 8.
bxc3 Qe7 9. Re1 Nd8 10. d4 Ne6 11. Bc1 Rd8 12. a4 Nf8 13. Nh4 c6 14. Bd3 c5 15.
Qf3 h6 16. Bd2 Rb8 17. Nf5 Bxf5 18. exf5 Qc7 19. Qg3 Kh8 20. dxe5 dxe5 21. c4
Re8 22. a5 Rbd8 23. Bc3 N8d7 24. Re3 Qc6 25. Rae1 b6 26. h3 Kh7 27. axb6 axb6
28. Bxe5 Nxe5 29. Rxe5 Rxe5 30. Rxe5 Rd7 31. Qe3 Kg8 32. Re7 h5 33. g3 Kf8 34.
Rxd7 Qxd7 35. Qf4 Qd8 36. Be2 Kg8 37. Kg2 Kf8 38. Bf3 Kg8 39. Qe5 Kf8 40. Kf1
Kg8 41. Qe3 Kf8 42. Qd3 Qe7 43. Kg2 1/2-1/2

[Event "19MCR_F"]
[Site "?"]
[Date "2007.??.??"]
[Round "?"]
[White "Pytlik, Lesek"]
[Black "Kuta, Jiri"]
[Result "1/2-1/2"]
[WhiteElo "2382"]
[BlackElo "2330"]
[PlyCount "46"]
[EventDate "2007.??.??"]
[EventType "corr"]
[EventRounds "1"]
[SourceDate "2007.03.26"]

1. e4 c5 2. Nf3 Nc6 3. Bb5 g6 4. Bxc6 dxc6 5. d3 Bg7 6. h3 Nf6 7. Nc3 O-O 8.
Be3 b6 9. Qd2 e5 10. Bh6 Qe7 11. O-O-O Ne8 12. Nh2 b5 13. Ng4 a5 14. f4 f6 15.
Bxg7 Nxg7 16. a4 Bxg4 17. hxg4 b4 18. Ne2 exf4 19. Nxf4 Ne6 20. Nxe6 Qxe6 21.
Kb1 Rad8 22. Qe3 Rd4 23. g5 f5 1/2-1/2

[Event "19MCR_F"]
[Site "?"]
[Date "2007.??.??"]
[Round "?"]
[White "Pytlik, Lesek"]
[Black "Mateka, Petr"]
[Result "1/2-1/2"]
[WhiteElo "2382"]
[BlackElo "2275"]
[PlyCount "79"]
[EventDate "2007.??.??"]
[EventType "corr"]
[EventRounds "1"]
[SourceDate "2007.03.26"]

1. e4 e5 2. Nf3 Nc6 3. Nc3 Nf6 4. Bb5 Bb4 5. O-O O-O 6. d3 d6 7. Bg5 Ne7 8. Bc4
c6 9. Ne2 Ng6 10. c3 Ba5 11. Nh4 d5 12. exd5 cxd5 13. Bb3 Bc7 14. Nxg6 hxg6 15.
f4 e4 16. Ng3 Re8 17. dxe4 dxe4 18. Qxd8 Bxd8 19. f5 gxf5 20. Nxf5 Bb6+ 21. Be3
Bxf5 22. Bxb6 axb6 23. Rxf5 Ra5 24. Rxa5 bxa5 25. Kf2 Kf8 26. Rd1 b5 27. Ke2 a4
28. Bc2 Re5 29. Rd4 Rg5 30. g3 Rh5 31. h4 g5 32. Bxe4 gxh4 33. gxh4 Rxh4 34.
Bg2 Rh5 35. Ke3 Ke7 36. Bf3 Rh3 37. a3 Ne8 38. Re4+ Kd7 39. Kf4 f5 40. Re2
1/2-1/2

[Event "19MCR_F"]
[Site "?"]
[Date "2007.??.??"]
[Round "?"]
[White "Pytlik, Lesek"]
[Black "Nejtek, Jiri"]
[Result "0-1"]
[WhiteElo "2382"]
[BlackElo "2360"]
[PlyCount "46"]
[EventDate "2007.??.??"]
[EventType "corr"]
[EventRounds "1"]
[SourceDate "2007.03.26"]

1. e4 e5 2. Nf3 Nc6 3. Nc3 Nf6 4. Bb5 Nd4 5. Ba4 Bc5 6. Nxe5 O-O 7. Nd3 Bb6 8.
Nf4 c6 9. d3 d5 10. O-O Bg4 11. Qd2 dxe4 12. dxe4 Bf3 13. Re1 Ng4 14. h3 Qh4
15. hxg4 Bxg2 16. Kxg2 Qxg4+ 17. Kh1 Nf3 18. Qe2 Rae8 19. Qf1 Re6 20. Nh3 Nxe1
21. Bf4 Bxf2 22. Ne2 Rxe4 23. Nxf2 Qh5+ 0-1

[Event "19MCR_F"]
[Site "?"]
[Date "2007.??.??"]
[Round "?"]
[White "Pytlik, Lesek"]
[Black "Pravec, Ladislav"]
[Result "1/2-1/2"]
[WhiteElo "2382"]
[BlackElo "2352"]
[PlyCount "46"]
[EventDate "2007.??.??"]
[EventType "corr"]
[EventRounds "1"]
[SourceDate "2007.03.26"]

1. e4 c5 2. Nf3 d6 3. d4 cxd4 4. Nxd4 Nf6 5. Nc3 a6 6. Be2 e5 7. Nb3 Be7 8. O-O
O-O 9. Be3 Be6 10. Qd2 Nbd7 11. a4 Rc8 12. a5 Re8 13. Rfc1 Qc7 14. f3 Qc6 15.
Rd1 Qc7 16. Qe1 Qc6 17. Qd2 Qc7 18. Bd3 Red8 19. Qf2 Qc6 20. Rd2 Nc5 21. Nxc5
dxc5 22. Be2 Rxd2 23. Bxd2 c4 1/2-1/2

[Event "19MCR_F"]
[Site "?"]
[Date "2007.??.??"]
[Round "?"]
[White "Pytlik, Lesek"]
[Black "Volek, Stanislav"]
[Result "1/2-1/2"]
[WhiteElo "2382"]
[BlackElo "2305"]
[PlyCount "64"]
[EventDate "2007.??.??"]
[EventType "corr"]
[EventRounds "1"]
[SourceDate "2007.03.26"]

1. e4 e6 2. d4 d5 3. Nd2 c5 4. Ngf3 cxd4 5. Nxd4 Nf6 6. e5 Nfd7 7. N2f3 Nc6 8.
Nxc6 bxc6 9. Bd3 Ba6 10. O-O Qb6 11. Be3 Bc5 12. Qe2 Bxd3 13. cxd3 Bxe3 14.
fxe3 O-O 15. Rac1 c5 16. Rc3 a5 17. Kh1 f6 18. exf6 Rxf6 19. d4 a4 20. b3 axb3
21. axb3 Ra3 22. Qd3 Ra2 23. Rfc1 Qd6 24. R3c2 Rxc2 25. Qxc2 cxd4 26. exd4 e5
27. Qc8+ Rf8 28. Qc7 Qxc7 29. Rxc7 e4 30. Rxd7 exf3 31. Kg1 fxg2 32. Rxd5 Rb8
1/2-1/2

[Event "19MCR_F"]
[Site "?"]
[Date "2007.??.??"]
[Round "?"]
[White "Pytlik, Lesek"]
[Black "Vozda, Jindrich"]
[Result "1-0"]
[WhiteElo "2382"]
[BlackElo "2469"]
[PlyCount "69"]
[EventDate "2007.??.??"]
[EventType "corr"]
[EventRounds "1"]
[SourceDate "2007.03.26"]

1. e4 e5 2. Nf3 Nc6 3. d4 exd4 4. Nxd4 Bc5 5. Be3 Qf6 6. c3 b6 7. Be2 Nge7 8.
O-O Bb7 9. Qd2 Qg6 10. b4 d5 11. bxc5 dxe4 12. Nb5 O-O 13. Qd7 Rac8 14. Qg4
Qxg4 15. Bxg4 f5 16. Bd1 Kh8 17. Bc2 a6 18. Nd4 Ne5 19. Na3 Nd5 20. Bd2 bxc5
21. Ne6 Rf6 22. Nxc5 Ba8 23. c4 Rc6 24. f4 Nxc4 25. Nxc4 Rxc5 26. Bb3 Rb5 27.
Rfd1 h6 28. g3 Rf8 29. Ba4 Rbb8 30. Ne5 Rg8 31. Be1 Kh7 32. Rac1 Rgd8 33. Bd7
Ne3 34. Rd4 Rf8 35. Bd2 1-0

[Event "19MCR_F"]
[Site "?"]
[Date "2007.??.??"]
[Round "?"]
[White "Storkan, Zdenek"]
[Black "Hladecek, Miloslav"]
[Result "0-1"]
[WhiteElo "2298"]
[BlackElo "2342"]
[PlyCount "37"]
[EventDate "2007.??.??"]
[EventType "corr"]
[EventRounds "1"]
[SourceDate "2007.03.26"]

1. e4 e5 2. Nf3 Nc6 3. Bb5 a6 4. Ba4 Nf6 5. O-O Be7 6. Re1 d6 7. h3 b5 8. Bb3
Na5 9. d3 O-O 10. Nc3 Re8 11. Bd2 Bf8 12. Ne2 Nxb3 13. axb3 Bb7 14. c4 Nh5 15.
Nc3 c6 16. b4 Qf6 17. Bg5 Qe6 18. Be3 Nf6 19. b3 {PCL} 0-1

[Event "19MCR_F"]
[Site "?"]
[Date "2007.??.??"]
[Round "?"]
[White "Storkan, Zdenek"]
[Black "Hybl, Vladislav"]
[Result "1/2-1/2"]
[WhiteElo "2298"]
[BlackElo "2303"]
[PlyCount "49"]
[EventDate "2007.??.??"]
[EventType "corr"]
[EventRounds "1"]
[SourceDate "2007.03.26"]

1. Nf3 Nf6 2. c4 e6 3. g3 d5 4. Bg2 dxc4 5. Qa4+ Nbd7 6. Qxc4 c5 7. O-O b6 8.
Ng5 Rb8 9. Nc3 Bb7 10. d3 Bxg2 11. Kxg2 Be7 12. Bf4 Ra8 13. Nf3 a6 14. a4 Qc8
15. e4 Qb7 16. Rfe1 O-O 17. e5 Nd5 18. Nxd5 exd5 19. Qc2 d4 20. h4 b5 21. Qe2
Nb6 22. axb5 axb5 23. Rxa8 Rxa8 24. Bg5 Bxg5 25. hxg5 1/2-1/2

[Event "19MCR_F"]
[Site "?"]
[Date "2007.??.??"]
[Round "?"]
[White "Storkan, Zdenek"]
[Black "Leiner, Raimund"]
[Result "0-1"]
[WhiteElo "2298"]
[BlackElo "2316"]
[PlyCount "39"]
[EventDate "2007.??.??"]
[EventType "corr"]
[EventRounds "1"]
[SourceDate "2007.03.26"]

1. e4 c5 2. Nf3 d6 3. d4 cxd4 4. Nxd4 Nf6 5. Nc3 a6 6. Be2 e5 7. Be3 Qc7 8. O-O
b5 9. a4 b4 10. Na2 Nxe4 11. c3 b3 12. Qxb3 Be7 13. Qc2 Bb7 14. c4 O-O 15. f3
Nf6 16. Nc3 Nc6 17. Nxc6 Qxc6 18. Bd3 a5 19. Rac1 g6 20. Rfd1 {PCL} 0-1

[Event "19MCR_F"]
[Site "?"]
[Date "2007.??.??"]
[Round "?"]
[White "Storkan, Zdenek"]
[Black "Mateka, Petr"]
[Result "1/2-1/2"]
[WhiteElo "2298"]
[BlackElo "2275"]
[PlyCount "61"]
[EventDate "2007.??.??"]
[EventType "corr"]
[EventRounds "1"]
[SourceDate "2007.03.26"]

1. e4 e5 2. Nf3 Nc6 3. Bb5 a6 4. Ba4 Nf6 5. O-O Be7 6. Re1 b5 7. Bb3 O-O 8. a4
Bb7 9. d3 d6 10. Nc3 Na5 11. Ba2 b4 12. Ne2 c5 13. Ng3 Bc8 14. h3 Rb8 15. Nd2
Be6 16. Nc4 Nc6 17. Bd2 Ne8 18. Ne3 Bxa2 19. Rxa2 b3 20. cxb3 Bg5 21. Ra3 Nc7
22. Rf1 g6 23. Bc3 Ne6 24. Nc4 Ned4 25. a5 f5 26. Bxd4 Nxd4 27. Ne2 Nc6 28. Nc3
f4 29. f3 Rb4 30. Nd5 Rb5 31. Nc3 1/2-1/2

[Event "19MCR_F"]
[Site "?"]
[Date "2007.??.??"]
[Round "?"]
[White "Storkan, Zdenek"]
[Black "Pytlik, Lesek"]
[Result "1/2-1/2"]
[WhiteElo "2298"]
[BlackElo "2382"]
[PlyCount "72"]
[EventDate "2007.??.??"]
[EventType "corr"]
[EventRounds "1"]
[SourceDate "2007.03.26"]

1. Nf3 Nf6 2. c4 c5 3. Nc3 Nc6 4. d4 cxd4 5. Nxd4 e6 6. g3 Qb6 7. Ndb5 Ne5 8.
Bg2 a6 9. Qa4 Rb8 10. Be3 Bc5 11. Bxc5 Qxc5 12. Qa3 b6 13. Nd6+ Ke7 14. Qxc5
bxc5 15. Nxc8+ Rhxc8 16. b3 d5 17. cxd5 c4 18. b4 Rxb4 19. O-O-O Neg4 20. Rdf1
Ne8 21. dxe6 fxe6 22. h3 Ngf6 23. Kc2 Rcb8 24. Rb1 a5 25. a3 Rb3 26. Na4 Nd6
27. Nc5 R3b5 28. Rhd1 h5 29. Rxb5 Rxb5 30. Na4 Rf5 31. Rf1 Nfe4 32. Bf3 g6 33.
g4 hxg4 34. Bxe4 Nxe4 35. hxg4 Rxf2 36. Rxf2 Nxf2 1/2-1/2

[Event "19MCR_F"]
[Site "?"]
[Date "2007.??.??"]
[Round "?"]
[White "Storkan, Zdenek"]
[Black "Sykora, Josef"]
[Result "1-0"]
[WhiteElo "2298"]
[BlackElo "2365"]
[PlyCount "67"]
[EventDate "2007.??.??"]
[EventType "corr"]
[EventRounds "1"]
[SourceDate "2007.03.26"]

1. e4 c5 2. Nf3 d6 3. d4 cxd4 4. Nxd4 Nf6 5. Nc3 a6 6. Be3 e6 7. Qd2 b5 8. f3
Nbd7 9. g4 h6 10. O-O-O Bb7 11. a3 d5 12. exd5 Nxd5 13. Nxd5 Bxd5 14. Bg2 Qc7
15. f4 Bxg2 16. Qxg2 Rc8 17. Kb1 b4 18. axb4 Bxb4 19. h4 Nb6 20. f5 e5 21. f6
gxf6 22. Nf5 Nc4 23. Bc1 Bf8 24. Rh3 Qc6 25. Qxc6+ Rxc6 26. Rhd3 Rc8 27. h5 Rb8
28. Ka2 Na5 29. Rc3 Nb7 30. Rc6 Rg8 31. Rg1 Nd8 32. Rxa6 Rc8 33. Bxh6 Rxc2 34.
Ra8 1-0

[Event "19MCR_F"]
[Site "?"]
[Date "2007.??.??"]
[Round "?"]
[White "Storkan, Zdenek"]
[Black "Valak, Alois"]
[Result "1-0"]
[WhiteElo "2298"]
[BlackElo "2353"]
[PlyCount "101"]
[EventDate "2007.??.??"]
[EventType "corr"]
[EventRounds "1"]
[SourceDate "2007.03.26"]

1. Nf3 d5 2. c4 d4 3. e3 c5 4. exd4 cxd4 5. b4 Nf6 6. Bb2 e5 7. Nxe5 Bxb4 8.
Qa4+ Nfd7 9. Bxd4 Qe7 10. Be2 O-O 11. Nd3 Nc6 12. Be3 Qf6 13. Nxb4 Qxa1 14. O-O
Nd4 15. Nc3 Nxe2+ 16. Nxe2 Qf6 17. Nd5 Qd8 18. Bd4 Nb8 19. Nef4 Nc6 20. Bc3 Rb8
21. Qb5 Be6 22. Qb2 Qg5 23. h4 Qh6 24. Bxg7 Qxg7 25. Nf6+ Kh8 26. N4h5 Qg6 27.
Re1 Rg8 28. Nxg8+ Kxg8 29. Nf6+ Kh8 30. Nd7+ Qg7 31. Qxg7+ Kxg7 32. Nxb8 Nxb8
33. Rb1 Nc6 34. Rxb7 Bxc4 35. a4 Kf6 36. f3 Ke5 37. Kf2 a5 38. Ke3 Kd6 39. h5
Bd5 40. Kf4 Nb4 41. Rb5 Nc6 42. Kg5 Bc4 43. Rb7 Nd8 44. Rb8 Ke7 45. Kh6 Bd3 46.
Rc8 f6 47. Rc3 Bb1 48. d3 Ne6 49. g3 Kf7 50. Kxh7 Ng5+ 51. Kh6 1-0

[Event "19MCR_F"]
[Site "?"]
[Date "2007.??.??"]
[Round "?"]
[White "Storkan, Zdenek"]
[Black "Vozda, Jindrich"]
[Result "1/2-1/2"]
[WhiteElo "2298"]
[BlackElo "2469"]
[PlyCount "106"]
[EventDate "2007.??.??"]
[EventType "corr"]
[EventRounds "1"]
[SourceDate "2007.03.26"]

1. Nf3 c5 2. e4 b6 3. d4 cxd4 4. Nxd4 Bb7 5. Nc3 a6 6. Bd3 g6 7. O-O Bg7 8. Be3
d6 9. Nd5 Nd7 10. c4 e6 11. Nc3 Ngf6 12. a4 O-O 13. a5 Nc5 14. f3 bxa5 15. Nb3
Nfd7 16. Nxa5 Rb8 17. Be2 Ba8 18. Qd2 Be5 19. g3 Rb6 20. Ra2 Qe7 21. Bd1 Rfb8
22. b3 Bg7 23. Ra3 Qf6 24. Na4 Nxa4 25. Rxa4 Nc5 26. Ra2 Qe7 27. Re1 f5 28.
exf5 gxf5 29. Bc2 Qc7 30. Kg2 Be5 31. Bh6 Qe7 32. Rf1 Qf6 33. Bg5 Qg7 34. Bh6
Qg4 35. Bd1 Kf7 36. Kg1 Qh3 37. Qe3 Rg8 38. Rg2 Rbb8 39. Qd2 Rg6 40. Bf4 Bxf4
41. Qxf4 e5 42. Qd2 Ne6 43. Rff2 Rbg8 44. c5 f4 45. g4 Nd4 46. Nc4 Bxf3 47.
cxd6 Ke6 48. Qe1 Rg5 49. Bxf3 Nxf3+ 50. Rxf3 Qxf3 51. h4 Qxb3 52. Qe4 Qd1+ 53.
Kh2 Qd5 1/2-1/2

[Event "19MCR_F"]
[Site "?"]
[Date "2007.??.??"]
[Round "?"]
[White "Sykora, Josef"]
[Black "Brousek, Jiri"]
[Result "1/2-1/2"]
[WhiteElo "2365"]
[BlackElo "2300"]
[PlyCount "56"]
[EventDate "2007.??.??"]
[EventType "corr"]
[EventRounds "1"]
[SourceDate "2007.03.26"]

1. c4 Nf6 2. Nc3 e5 3. Nf3 Nc6 4. g3 Bb4 5. Nd5 e4 6. Nh4 Bc5 7. Bg2 d6 8. O-O
Be6 9. Nxf6+ Qxf6 10. Bxe4 Bxc4 11. Qa4 d5 12. d3 dxe4 13. Qxc4 Qd4 14. Qb5 Qb4
15. Qxb4 Bxb4 16. dxe4 O-O-O 17. Be3 Bd2 18. Bc5 b6 19. Ba3 Rhe8 20. Nf3 Rxe4
21. Rfd1 Bb4 22. Rxd8+ Kxd8 23. Bxb4 Rxb4 24. b3 f6 25. Rd1+ Ke7 26. Rc1 Kd7
27. Rd1+ Ke6 28. Rc1 Kd7 1/2-1/2